Online Catalogue and eLibrary

Sri Lanka : (Record no. 3521)

MARC details
000 -LEADER
fixed length control field 00396nam a2200157Ia 4500
005 - DATE AND TIME OF LATEST TRANSACTION
control field 20240607022334.0
008 - FIXED-LENGTH DATA ELEMENTS--GENERAL INFORMATION
fixed length control field 240331s9999 xx 000 0 und d
082 ## - DDC Classification
Item Number - Author Mark SRI
Class No. 352
100 ## - MAIN ENTRY--PERSONAL NAME
Personal name Kumaraswamy,R. ed
245 #0 - TITLE STATEMENT
Title Sri Lanka :
Remainder of title provincial council elections and devolution
260 ## - PUBLICATION, DISTRIBUTION, ETC.
Place of publication, distribution, etc. Colombo
Name of publisher, distributor, etc. ICES
Date of publication, distribution, etc. 1993
300 ## - PHYSICAL DESCRIPTION
Extent (e.g. Volumes, Pages etc.) 63 p.,
650 ## - SUBJECT ADDED ENTRY--TOPICAL TERM
Topical term or geographic name entry element Devolution
650 ## - SUBJECT ADDED ENTRY--TOPICAL TERM
Topical term or geographic name entry element Election
942 ## - Koha item type (Biblio)
Koha item type Books in Stacks (Lending)
Holdings
Lost status Damaged status Collection code Home library Current library Shelving location Date acquired Full call number Accession Number Item type
    Lending WERC Library WERC Library Social Science Cupboard 03/31/2024 352 SRI 2499 Books in Stacks (Lending)

© WERC Library